[Event "Limoges University-ch"]
[Site "Limoges"]
[Date "2022.02.05"]
[Round "6"]
[White "Albaric, Etienne"]
[Black "Defromont, Benjamin"]
[Result "1/2-1/2"]
[WhiteElo "2235"]
[BlackElo "2263"]
[PlyCount "123"]
[EventDate "2022.02.05"]
[EventType "swiss"]
[EventRounds "9"]
[EventCountry "FRA"]
[SourceTitle "EXT 2023"]
[Source "ChessBase"]
[SourceDate "2022.10.05"]
[SourceVersion "1"]
[SourceVersionDate "2022.10.05"]
[SourceQuality "1"]

1. e4 e5 2. Nf3 Nc6 3. Bc4 Bc5 4. c3 Nf6 5. d3 h6 6. Nbd2 d6 7. a4 a6 8. b4 Ba7 9. Qb3 0-0 10. h3 Ne7 11. 0-0 c6 12. Qd1 d5 13. Bb3 Ng6 14. exd5 cxd5 15. d4 e4 16. Ne5 Qc7 17. Nxg6 fxg6 18. Nxe4 Nxe4 19. Bxd5+ Kh8 20. Bxe4 Bb8 21. f4 Qxc3 22. Ra3 Qxb4 23. Rg3 Ba7 24. Rxg6 Qxd4+ 25. Qxd4 Bxd4+ 26. Kh1 Bf5 27. Bxf5 Rxf5 28. g4 Rf6 29. Rxf6 Bxf6 30. Rd1 Rd8 31. Rxd8+ Bxd8 32. Kg2 Kg8 33. Kf3 Kf7 34. Ke4 Ke6 35. f5+ Kf7 36. Kd5 Be7 37. Bd2 Bf8 38. a5 Be7 39. Bc3 Bf8 40. Be5 Bb4 41. Bc7 Be7 42. Bd6 Bd8 43. Bb4 Bc7 44. Bd2 Bb8 45. h4 Bg3 46. h5 Bc7 47. Bc3 Bb8 48. Kc5 Bc7 49. Kd5 Bb8 50. Be5 Ba7 51. Bc7 Bf2 52. Kd6 Be1 53. Kd7 Kf6 54. Bd8+ Ke5 55. Kc8 Kf4 56. Kxb7 Kxg4 57. Kxa6 Kxf5 58. Kb5 Bxa5 59. Bxa5 Kg4 60. Bc3 Kxh5 61. Bxg7 Kg6 62. Bxh6 1/2-1/2

[Event "Paris-ch 94th"]
[Site "Paris"]
[Date "2019.07.11"]
[Round "6"]
[White "Albaric, Etienne"]
[Black "Flom, Gabriel"]
[Result "1-0"]
[WhiteElo "2225"]
[BlackElo "2494"]
[PlyCount "67"]
[EventDate "2019.07.07"]
[EventType "swiss"]
[EventRounds "9"]
[EventCountry "FRA"]
[SourceTitle "CBM 191 Extra"]
[Source "ChessBase"]
[SourceDate "2019.09.30"]
[SourceVersion "1"]
[SourceVersionDate "2019.09.30"]
[SourceQuality "1"]

1. e4 c5 2. Nf3 Nc6 3. Bb5 g6 4. 0-0 Bg7 5. Re1 Nf6 6. e5 Nd5 7. Nc3 Nc7 8. Bxc6 dxc6 9. Ne4 Ne6 10. d3 b6 11. Be3 Qc7 12. Qd2 Bxe5 13. Nxe5 Qxe5 14. Bh6 Qxb2 15. a4 Rg8 16. a5 b5 17. Rab1 Qd4 18. Be3 Qe5 19. f4 Qd5 20. Qf2 f6 21. Nxc5 Kf7 22. Rb4 Ng7 23. Ne4 Nf5 24. Bc5 Be6 25. g4 Ng7 26. Rd4 Qa2 27. Qh4 Ne8 28. Nc3 Qxc2 29. Rxe6 Rg7 30. Rxe7+ Kg8 31. Qe1 Rxe7 32. Qxe7 Qc1+ 33. Kg2 Qd2+ 34. Ne2 1-0

[Event "Paris-ch 94th"]
[Site "Paris"]
[Date "2019.07.08"]
[Round "3"]
[White "Albaric, Etienne"]
[Black "Le Goff, Ronan"]
[Result "1/2-1/2"]
[WhiteElo "2225"]
[BlackElo "2281"]
[PlyCount "107"]
[EventDate "2019.07.07"]
[EventType "swiss"]
[EventRounds "9"]
[EventCountry "FRA"]
[SourceTitle "CBM 191 Extra"]
[Source "ChessBase"]
[SourceDate "2019.09.30"]
[SourceVersion "1"]
[SourceVersionDate "2019.09.30"]
[SourceQuality "1"]

1. e4 e5 2. Nf3 Nc6 3. Bc4 Nf6 4. d4 exd4 5. e5 d5 6. Bb5 Ne4 7. Nxd4 Bc5 8. Be3 0-0 9. Nxc6 bxc6 10. Bxc5 Nxc5 11. Bxc6 Rb8 12. Qxd5 Qe7 13. 0-0 Rxb2 14. Na3 Ne6 15. Nc4 Rb8 16. Rfb1 Rxb1+ 17. Rxb1 Rd8 18. Qa5 Nd4 19. Be4 Be6 20. Ne3 h5 21. Rb7 Bf5 22. Rxc7 Qg5 23. Bd5 Be6 24. Bxe6 fxe6 25. Qa6 Nf3+ 26. Kf1 Nxh2+ 27. Ke2 Qxe5 28. Rc8 Rxc8 29. Qxc8+ Kh7 30. Qd7 Ng4 31. Qd3+ Kh8 32. Qd8+ Kh7 33. Qd3+ Kh8 34. c3 Qf4 35. Nxg4 Qxg4+ 36. Kf1 e5 37. c4 Qf4 38. g3 Qg5 39. Qd5 h4 40. Qa8+ Kh7 41. Qe4+ Kg8 42. Qxh4 Qd2 43. Qe4 Qxa2 44. c5 Qe6 45. Qa8+ Kh7 46. Qxa7 Qd5 47. Kg1 Qd1+ 48. Kh2 Qc2 49. Kg1 Qd1+ 50. Kg2 Qd5+ 51. Kh2 Qd4 52. Kg2 Qd5+ 53. Kf1 Qd1+ 54. Kg2 1/2-1/2

[Event "Paris-ch 94th"]
[Site "Paris"]
[Date "2019.07.07"]
[Round "2"]
[White "Cotonnec, Melkior"]
[Black "Albaric, Etienne"]
[Result "0-1"]
[WhiteElo "2293"]
[BlackElo "2225"]
[PlyCount "70"]
[EventDate "2019.07.07"]
[EventType "swiss"]
[EventRounds "9"]
[EventCountry "FRA"]
[SourceTitle "CBM 191 Extra"]
[Source "ChessBase"]
[SourceDate "2019.09.30"]
[SourceVersion "1"]
[SourceVersionDate "2019.09.30"]
[SourceQuality "1"]

1. b4 e5 2. Bb2 Bxb4 3. Bxe5 Nf6 4. Nf3 Nc6 5. Bb2 0-0 6. c4 Re8 7. e3 d5 8. cxd5 Nxd5 9. Be2 Bg4 10. 0-0 Qd6 11. a3 Ba5 12. d4 Qh6 13. Nbd2 Nxe3 14. fxe3 Qxe3+ 15. Rf2 Bxd2 16. Bc4 Bxf3 17. Qxf3 Qxf3 18. Rxf3 Re7 19. Raf1 Rf8 20. Kh1 Na5 21. Ba2 b5 22. Rf5 a6 23. a4 g6 24. Rf6 b4 25. Bd5 c6 26. Bxc6 Bg5 27. Rd6 Nc4 28. Rd5 Ne3 29. Rxg5 Nxf1 30. Rc5 Re2 31. Rc1 Ne3 32. Rb1 Nc4 33. Ba1 Rb8 34. Kg1 b3 35. Kf1 Rc2 0-1

[Event "FRA-ch U20"]
[Site "Agen"]
[Date "2018.04.21"]
[Round "8"]
[White "Albaric, Etienne"]
[Black "Pigeat, Alexandre"]
[Result "1-0"]
[WhiteElo "2202"]
[BlackElo "2275"]
[PlyCount "77"]
[EventDate "2018.04.15"]
[EventType "swiss"]
[EventRounds "9"]
[EventCountry "FRA"]
[SourceTitle "CBM 184 Extra"]
[Source "ChessBase"]
[SourceDate "2018.06.28"]
[SourceVersion "1"]
[SourceVersionDate "2018.06.28"]
[SourceQuality "1"]

1. e4 e6 2. d4 d5 3. Nd2 Nf6 4. e5 Nfd7 5. Bd3 c5 6. c3 Nc6 7. Ne2 Qb6 8. 0-0 cxd4 9. cxd4 Be7 10. Nf3 f6 11. Nf4 Nf8 12. Nh5 Rg8 13. exf6 gxf6 14. Bh6 Bd7 15. Ng7+ Kd8 16. Nh5 Ng6 17. Be3 Qc7 18. Rc1 Qd6 19. Re1 b6 20. Qb3 Be8 21. Bb5 Na5 22. Qa4 Nh4 23. Nxh4 Bxh5 24. Bd2 Nc4 25. Bxc4 f5 26. Be2 Be8 27. Bb5 Bxh4 28. Bxe8 Rxe8 29. Rc6 Qd7 30. Bf4 Be7 31. Bc7+ Qxc7 32. Rxc7 Kxc7 33. Rxe6 Rac8 34. Qxa7+ Kd8 35. g3 f4 36. Qb7 fxg3 37. Qxd5+ Kc7 38. Qc6+ Kd8 39. Rd6+ 1-0

[Event "FRA-ch U20"]
[Site "Agen"]
[Date "2018.04.20"]
[Round "7"]
[White "Albaric, Etienne"]
[Black "Duquesne, Adrien"]
[Result "1-0"]
[WhiteElo "2202"]
[BlackElo "2209"]
[PlyCount "148"]
[EventDate "2018.04.15"]
[EventType "swiss"]
[EventRounds "9"]
[EventCountry "FRA"]
[SourceTitle "CBM 184 Extra"]
[Source "ChessBase"]
[SourceDate "2018.06.28"]
[SourceVersion "1"]
[SourceVersionDate "2018.06.28"]
[SourceQuality "1"]

1. e4 c5 2. Nf3 d6 3. Bb5+ Nd7 4. 0-0 a6 5. Bd3 e6 6. a4 Ngf6 7. c3 b5 8. axb5 Bb7 9. bxa6 Bxe4 10. Bxe4 Nxe4 11. Qa4 Nef6 12. Na3 Be7 13. b4 cxb4 14. cxb4 0-0 15. b5 Nd5 16. Bb2 Nc5 17. Qd1 Nd3 18. Bc3 e5 19. Nc4 Qc8 20. Ne3 Nb6 21. Qc2 Nf4 22. Ba5 Qxc2 23. Nxc2 Nc4 24. Rfb1 Nxa5 25. Rxa5 Rfb8 26. Ne3 Bd8 27. Ra4 Nd3 28. Nd5 Nc5 29. Raa1 Kf8 30. d4 Nd7 31. dxe5 dxe5 32. Nd2 Nb6 33. Nb4 Be7 34. Nc6 Rc8 35. Kf1 f6 36. Nb3 Kf7 37. Rd1 Ke6 38. a7 Rc7 39. Ra6 Nc8 40. Nca5+ Kf5 41. b6 Nxb6 42. Rxb6 Raxa7 43. Nc6 Ra2 44. Nxe7+ Rxe7 45. Rd2 Ra3 46. Nc5 Rc7 47. Rb5 Rc3 48. Nb7 Rc1+ 49. Ke2 Rh1 50. h3 Rcc1 51. Nd6+ Kg6 52. Rb3 Rhe1+ 53. Kf3 h5 54. Re3 Rg1 55. Ne4 Rc4 56. Rd7 h4 57. g3 hxg3 58. fxg3 Rf1+ 59. Ke2 Rcc1 60. Nd6 Rce1+ 61. Kd3 Rd1+ 62. Kc4 Rd4+ 63. Kc5 Rc1+ 64. Kb6 Rb4+ 65. Nb5 Rcb1 66. Rd5 Rh1 67. g4 Rb2 68. Kc6 Rbh2 69. Rdd3 Kg5 70. Nd6 g6 71. Ne4+ Kh4 72. Nxf6 Rxh3 73. Rxh3+ Rxh3 74. Rxh3+ Kxh3 1-0

[Event "FRA-ch U20"]
[Site "Agen"]
[Date "2018.04.19"]
[Round "6"]
[White "Barseghyan, Harutyun"]
[Black "Albaric, Etienne"]
[Result "1-0"]
[WhiteElo "2464"]
[BlackElo "2202"]
[PlyCount "99"]
[EventDate "2018.04.15"]
[EventType "swiss"]
[EventRounds "9"]
[EventCountry "FRA"]
[SourceTitle "CBM 184 Extra"]
[Source "ChessBase"]
[SourceDate "2018.06.28"]
[SourceVersion "1"]
[SourceVersionDate "2018.06.28"]
[SourceQuality "1"]

1. d4 Nf6 2. Nf3 e6 3. Bf4 d5 4. e3 c5 5. c3 Bd6 6. Bg3 0-0 7. Nbd2 Nc6 8. Bb5 Ne7 9. Bd3 b6 10. e4 Bxg3 11. hxg3 dxe4 12. Nxe4 Ng6 13. dxc5 Bb7 14. Nxf6+ Qxf6 15. cxb6 e5 16. Bxg6 hxg6 17. 0-0 axb6 18. Re1 Rfe8 19. Qe2 e4 20. Nd4 Ra5 21. Qg4 Rh5 22. f3 e3 23. Qf4 Qe7 24. Nc2 Re5 25. Rad1 g5 26. Qb4 Qc7 27. Qd6 Qc8 28. Rd3 R5e6 29. Qd7 Qb8 30. Rdxe3 Rxe3 31. Rxe3 Rd8 32. Qe7 Rd2 33. Re2 Rxe2 34. Qxe2 Qxg3 35. Qe8+ Kh7 36. Qxf7 Ba6 37. Qf5+ Kh6 38. Qe6+ Kh7 39. Qe4+ Kh6 40. Nd4 g6 41. Qe8 Kh7 42. Qe3 g4 43. Qf2 Qf4 44. Qh4+ Kg8 45. Qxg4 Qe3+ 46. Kh2 Qe5+ 47. f4 Qf6 48. Qg5 Qd6 49. Qe5 Qd8 50. Kg3 1-0

[Event "FRA-ch U20"]
[Site "Agen"]
[Date "2018.04.17"]
[Round "4"]
[White "Philippe, Guillaume"]
[Black "Albaric, Etienne"]
[Result "1-0"]
[WhiteElo "2372"]
[BlackElo "2202"]
[PlyCount "101"]
[EventDate "2018.04.15"]
[EventType "swiss"]
[EventRounds "9"]
[EventCountry "FRA"]
[SourceTitle "CBM 184 Extra"]
[Source "ChessBase"]
[SourceDate "2018.06.28"]
[SourceVersion "1"]
[SourceVersionDate "2018.06.28"]
[SourceQuality "1"]

1. e4 c5 2. Nf3 d6 3. c3 Nf6 4. Be2 g6 5. 0-0 Bg7 6. Re1 0-0 7. Bf1 Nc6 8. h3 a6 9. a3 b6 10. b4 Bb7 11. Bb2 e5 12. d3 Re8 13. Nbd2 Rc8 14. Qb3 Qc7 15. Nc4 d5 16. exd5 Nxd5 17. bxc5 bxc5 18. Ng5 Nce7 19. a4 Rb8 20. Ba3 Bc8 21. Qc2 Nf4 22. Ne4 Ne6 23. Ned6 Rd8 24. Nxc8 Rdxc8 25. g3 Nc6 26. Bg2 Rd8 27. Rad1 Ne7 28. Bc1 Nd5 29. a5 e4 30. dxe4 Nxc3 31. Rxd8+ Qxd8 32. e5 Nb5 33. Nb6 Nbd4 34. Qc4 Nb5 35. Bd5 Nbc7 36. Bxe6 Nxe6 37. Qxa6 Nd4 38. Qd3 Qe8 39. Bb2 Qe6 40. Bxd4 cxd4 41. Qxd4 Qb3 42. Qd6 Re8 43. Qc6 Rd8 44. e6 fxe6 45. Rxe6 Rd1+ 46. Kh2 Qa2 47. Qc8+ Bf8 48. Rf6 Rh1+ 49. Kxh1 Qa1+ 50. Kg2 Qxf6 51. Nd7 1-0

[Event "Glorney Cup"]
[Site "Cardiff"]
[Date "2017.07.25"]
[Round "4.7"]
[White "Albaric, Etienne"]
[Black "Scallan, Fiachra"]
[Result "1-0"]
[WhiteElo "2089"]
[BlackElo "1888"]
[PlyCount "77"]
[EventDate "2017.07.24"]
[EventType "team-tourn"]
[EventRounds "5"]
[EventCountry "WLS"]
[SourceTitle "CBM 179 Extra"]
[Source "ChessBase"]
[SourceDate "2017.08.23"]
[SourceVersion "1"]
[SourceVersionDate "2017.08.23"]
[SourceQuality "1"]
[WhiteTeam "France"]
[BlackTeam "Ireland II"]
[WhiteTeamCountry "FRA"]
[BlackTeamCountry "IRL"]

1. e4 e6 2. d4 d5 3. Nd2 Nf6 4. e5 Nfd7 5. Bd3 c5 6. c3 Nc6 7. Ne2 cxd4 8. cxd4 f6 9. Nf4 Nxd4 10. Qh5+ Ke7 11. exf6+ Nxf6 12. Ng6+ hxg6 13. Qxh8 Kf7 14. 0-0 e5 15. Nb3 Nxb3 16. axb3 Bf5 17. Bxf5 gxf5 18. Bg5 Qb6 19. Bxf6 gxf6 20. Qh7+ Ke6 21. Qg8+ Kd6 22. h4 Rd8 23. Qg6 Ke6 24. h5 Qc7 25. Rfc1 Qg7 26. Rxa7 Qxg6 27. hxg6 Rd7 28. Rc8 Bh6 29. Rb8 d4 30. Raxb7 Rd6 31. Rb6 Rxb6 32. Rxb6+ Kd5 33. Kf1 e4 34. Rb7 d3 35. g7 Bxg7 36. Rxg7 f4 37. Ke1 e3 38. Rd7+ Ke4 39. f3+ 1-0

[Event "Rouen op 9th"]
[Site "Rouen"]
[Date "2016.12.20"]
[Round "7"]
[White "Albaric, Etienne"]
[Black "Andrieu, Philippe"]
[Result "1-0"]
[WhiteElo "2098"]
[BlackElo "1831"]
[PlyCount "97"]
[EventDate "2016.12.17"]
[EventType "swiss"]
[EventRounds "7"]
[EventCountry "FRA"]
[SourceTitle "CBM 176 Extra"]
[Source "ChessBase"]
[SourceDate "2017.03.02"]
[SourceVersion "1"]
[SourceVersionDate "2017.03.02"]
[SourceQuality "1"]

1. e4 c5 2. Nf3 Nc6 3. Bb5 g6 4. 0-0 Bg7 5. c3 e6 6. d4 cxd4 7. cxd4 d5 8. exd5 Qxd5 9. Nc3 Qd8 10. d5 exd5 11. Nxd5 Be6 12. Re1 Nge7 13. Nxe7 Qxd1 14. Rxd1 Kxe7 15. Bg5+ f6 16. Be3 Rhd8 17. Bc5+ Kf7 18. Re1 Rd7 19. Rxe6 Kxe6 20. Re1+ Kf5 21. Nh4+ Kg5 22. g3 Kh6 23. Be3+ g5 24. Ba4 Bf8 25. Bb3 Kg7 26. Nf5+ Kh8 27. Be6 Rc7 28. h4 Re8 29. Bb3 Re5 30. g4 a5 31. Rd1 h5 32. hxg5 fxg5 33. Bxg5 Bg7 34. Bf4 hxg4 35. Kg2 Bf6 36. Nh6 Ree7 37. Bxc7 Rxc7 38. Nxg4 Bxb2 39. Rd5 Kg7 40. f4 Re7 41. Rg5+ Kh8 42. Kg3 Rg7 43. Rh5+ Rh7 44. Rf5 Rg7 45. Rf8+ Kh7 46. Bc2+ Rg6 47. Rf7+ Bg7 48. Rxb7 Nb4 49. Be4 1-0

[Event "Rouen op 9th"]
[Site "Rouen"]
[Date "2016.12.19"]
[Round "5"]
[White "Albaric, Etienne"]
[Black "Veniat, Nicolas"]
[Result "0-1"]
[WhiteElo "2098"]
[BlackElo "1847"]
[PlyCount "148"]
[EventDate "2016.12.17"]
[EventType "swiss"]
[EventRounds "7"]
[EventCountry "FRA"]
[SourceTitle "CBM 176 Extra"]
[Source "ChessBase"]
[SourceDate "2017.03.02"]
[SourceVersion "1"]
[SourceVersionDate "2017.03.02"]
[SourceQuality "1"]

1. e4 d5 2. exd5 Nf6 3. Nc3 Nxd5 4. Bc4 c6 5. Nf3 e6 6. 0-0 Bd6 7. d4 0-0 8. Ne4 Bf4 9. c3 Bxc1 10. Rxc1 Nd7 11. Bd3 N7f6 12. Ng3 a5 13. Ne5 Nf4 14. Bb1 Qd5 15. Qf3 Qxf3 16. Nxf3 b6 17. Ne5 Ba6 18. Rfe1 h5 19. h4 Rac8 20. Rcd1 Rfd8 21. f3 Bb7 22. Kf2 N4d5 23. Ne4 Nxe4+ 24. Bxe4 Ne7 25. Nc4 Ba6 26. Nxb6 Rb8 27. Na4 Nd5 28. Rd2 Bc4 29. a3 Rb5 30. b4 axb4 31. axb4 Ra8 32. Bxd5 Bxd5 33. Nc5 Ra3 34. Rc1 Bc4 35. Ne4 Rb8 36. Nd6 Ba6 37. Rb2 Rd8 38. Ne4 Bc4 39. Nd2 Bd3 40. Ke3 Bb5 41. Kf2 Bd3 42. Nb3 Rb8 43. Ke3 Bc4 44. Nd2 Bb5 45. Kf2 Bd3 46. g3 Rba8 47. Nb3 Rb8 48. Nc5 Bc4 49. Nd7 Rd8 50. Ne5 Bb5 51. Rcc2 f6 52. Ng6 Ra1 53. c4 Ba4 54. Rd2 Kf7 55. Nf4 Rc1 56. Ra2 Bb3 57. Ra7+ Kg8 58. Nxe6 Re8 59. d5 Bxc4 60. Rxg7+ Kh8 61. Rg6 cxd5 62. Rxf6 Re7 63. g4 hxg4 64. fxg4 Rf1+ 65. Kg3 Rxf6 66. Ng5 Re3+ 67. Kg2 Rf4 68. b5 Rxg4+ 69. Kf2 Rb3 70. Ra2 Rf4+ 71. Kg2 Bf1+ 72. Kg1 Rg3+ 73. Kh2 Rxg5 74. hxg5 Bxb5 0-1

[Event "Paris-ch 91st"]
[Site "Paris"]
[Date "2016.07.11"]
[Round "3"]
[White "Albaric, Etienne"]
[Black "Kulkarni, Rakesh"]
[Result "0-1"]
[WhiteElo "2209"]
[BlackElo "2296"]
[PlyCount "64"]
[EventDate "2016.07.09"]
[EventType "swiss"]
[EventRounds "9"]
[EventCountry "FRA"]
[SourceTitle "CBM 173 Extra"]
[Source "ChessBase"]
[SourceDate "2016.08.29"]
[SourceVersion "1"]
[SourceVersionDate "2016.08.29"]
[SourceQuality "1"]

1. e4 c5 2. Nf3 e6 3. d4 cxd4 4. Nxd4 a6 5. Nc3 Qc7 6. g3 Bb4 7. Nde2 Nf6 8. Bg2 Be7 9. 0-0 Nc6 10. a4 0-0 11. h3 Rb8 12. Be3 d6 13. g4 b5 14. axb5 axb5 15. Ng3 b4 16. Nce2 d5 17. g5 Nxe4 18. Nxe4 dxe4 19. Ng3 Rd8 20. Qh5 Nd4 21. Bxe4 g6 22. Qh4 e5 23. Rfc1 Qc4 24. Kg2 Nf5 25. Nxf5 gxf5 26. Ra7 Rd7 27. Rxd7 Bxd7 28. f3 fxe4 29. fxe4 Bc6 30. Kf3 Rf8 31. Rg1 Kh8 32. Rg2 f5 0-1

[Event "Paris-ch U20"]
[Site "Paris"]
[Date "2016.??.??"]
[Round "2"]
[White "Albaric, Etienne"]
[Black "Bitbol Delaveyne, Maelan"]
[Result "1-0"]
[WhiteElo "2086"]
[BlackElo "1939"]
[PlyCount "111"]
[EventDate "2016.02.22"]
[EventType "swiss"]
[EventRounds "9"]
[EventCountry "FRA"]
[SourceTitle "EXT 2024"]
[Source "ChessBase"]
[SourceDate "2023.10.10"]
[SourceVersion "1"]
[SourceVersionDate "2023.10.10"]
[SourceQuality "1"]

1. e4 d5 2. exd5 Qxd5 3. Nc3 Qd6 4. d4 Nf6 5. Nf3 c6 6. Ne5 Nbd7 7. Nc4 Qc7 8. Qf3 Nb6 9. Bf4 Qd7 10. 0-0-0 Qg4 11. Ne5 Qxf3 12. Nxf3 Be6 13. b3 g6 14. Be2 Bg7 15. h3 0-0 16. g4 Bd5 17. Kb2 Rac8 18. Rhe1 Bxf3 19. Bxf3 e6 20. Bg3 Nbd5 21. Ne4 Nxe4 22. Bxe4 b5 23. Bd6 Rfd8 24. Bc5 Rd7 25. Bh1 Bf6 26. c3 Kg7 27. Rd3 Bh4 28. Rf3 Be7 29. Bxe7 Nxe7 30. Rd3 c5 31. Red1 Rcd8 32. Kc2 c4 33. Re3 Rc7 34. Bg2 Nc8 35. Re5 a6 36. d5 Kf6 37. f4 exd5 38. Rdxd5 cxb3+ 39. axb3 Rxd5 40. g5+ Kg7 41. Rxd5 h6 42. h4 hxg5 43. hxg5 Kf8 44. Kd3 Nb6 45. Rd6 Rd7 46. Rxd7 Nxd7 47. b4 Ke7 48. Bb7 Nb8 49. Kd4 Kd6 50. Bd5 Ke7 51. Kc5 f6 52. Kb6 fxg5 53. fxg5 Kd6 54. Bb7 Ke5 55. Bxa6 Kf4 56. Bxb5 1-0

[Event "FRA-ch U18"]
[Site "Gonfreville"]
[Date "2016.??.??"]
[Round "4"]
[White "Chenevat, Ruben"]
[Black "Albaric, Etienne"]
[Result "1/2-1/2"]
[WhiteElo "2029"]
[BlackElo "2093"]
[PlyCount "125"]
[EventDate "2016.04.22"]
[EventType "swiss"]
[EventRounds "9"]
[EventCountry "FRA"]
[SourceTitle "EXT 2019"]
[Source "ChessBase"]
[SourceDate "2018.10.10"]
[SourceVersion "1"]
[SourceVersionDate "2018.10.10"]
[SourceQuality "1"]

1. d4 d5 2. c4 e6 3. Nc3 Be7 4. Nf3 Nf6 5. Bg5 0-0 6. e3 b6 7. Be2 Bb7 8. Bxf6 Bxf6 9. cxd5 exd5 10. 0-0 Nd7 11. Qb3 c6 12. Rad1 Be7 13. Rfe1 Nf6 14. Ne5 Bd6 15. f4 Qe7 16. Bf3 Rad8 17. e4 Qc7 18. exd5 cxd5 19. Nb5 Qb8 20. Rc1 Ne4 21. Bg4 a6 22. Nc3 Nxc3 23. Qxc3 Rfe8 24. g3 Qa8 25. a3 Bc8 26. Bf3 Be6 27. Qb3 Bxe5 28. Rxe5 f6 29. Re3 Qb8 30. Rc6 Bf7 31. Rxe8+ Rxe8 32. Qxb6 Qxb6 33. Rxb6 Ra8 34. Kf2 Kf8 35. Rb7 Rc8 36. Be2 Rc2 37. Ke3 a5 38. h4 h6 39. Bf3 g5 40. hxg5 hxg5 41. fxg5 fxg5 42. Rb5 a4 43. Bd1 Rg2 44. Bf3 Rxg3 45. Kf2 Rh3 46. Ra5 Rh2+ 47. Bg2 Be6 48. Kg3 Rh4 49. Bxd5 Bxd5 50. Rxd5 Re4 51. Rf5+ Ke7 52. d5 Kd6 53. Kf3 Rd4 54. Rxg5 Rd2 55. Ke4 Rxb2 56. Rg6+ Kd7 57. Ra6 Rh2 58. Ke5 Rh5+ 59. Kd4 Rh3 60. Kc5 Rxa3 61. Ra7+ Kc8 62. Kb4 Rd3 63. Rxa4 1/2-1/2

[Event "Paris-ch U20"]
[Site "Paris"]
[Date "2016.??.??"]
[Round "7"]
[White "Jacob, Renaud"]
[Black "Albaric, Etienne"]
[Result "0-1"]
[WhiteElo "2099"]
[BlackElo "2086"]
[PlyCount "96"]
[EventDate "2016.02.22"]
[EventType "swiss"]
[EventRounds "9"]
[EventCountry "FRA"]
[SourceTitle "EXT 2024"]
[Source "ChessBase"]
[SourceDate "2023.10.10"]
[SourceVersion "1"]
[SourceVersionDate "2023.10.10"]
[SourceQuality "1"]

1. e4 c5 2. Nf3 Nc6 3. d4 cxd4 4. Nxd4 Nf6 5. Nxc6 bxc6 6. Bd3 g6 7. c4 Bg7 8. Nc3 d6 9. f3 0-0 10. Qe2 Be6 11. 0-0 Nd7 12. f4 f5 13. exf5 Bxf5 14. Bxf5 gxf5 15. Qf3 Qb6+ 16. Kh1 e5 17. Rd1 e4 18. Qe2 Qc7 19. Be3 Nf6 20. h3 Rfd8 21. Rd2 Qf7 22. Rad1 d5 23. g4 fxg4 24. hxg4 Rd7 25. g5 Nh5 26. Qg4 Rad8 27. Nxe4 d4 28. Nf6+ Nxf6 29. gxf6 Qxf6 30. Bf2 c5 31. Bh4 Qc6+ 32. Kh2 Re8 33. Re2 Rxe2+ 34. Qxe2 Qg6 35. Rg1 d3 36. Qe3 Qf7 37. Rxg7+ Kxg7 38. Qe5+ Kg8 39. Qg5+ Qg7 40. Qxc5 h6 41. Qf5 d2 42. Qe6+ Qf7 43. Qg4+ Kh7 44. Qd1 Qxf4+ 45. Bg3 Qxc4 46. b3 Qd3 47. a4 Re7 48. Kh3 Re1 0-1

[Event "Paris-ch U20"]
[Site "Paris"]
[Date "2016.??.??"]
[Round "3"]
[White "Travadon, Loic"]
[Black "Albaric, Etienne"]
[Result "1/2-1/2"]
[WhiteElo "2173"]
[BlackElo "2086"]
[PlyCount "68"]
[EventDate "2016.02.22"]
[EventType "swiss"]
[EventRounds "9"]
[EventCountry "FRA"]
[SourceTitle "EXT 2024"]
[Source "ChessBase"]
[SourceDate "2023.10.10"]
[SourceVersion "1"]
[SourceVersionDate "2023.10.10"]
[SourceQuality "1"]

1. e4 c5 2. Nc3 Nc6 3. Bb5 Nd4 4. Bc4 e6 5. Nf3 Nf6 6. 0-0 a6 7. d3 b5 8. Bb3 Nxb3 9. axb3 Bb7 10. e5 Ng4 11. Ne4 d6 12. exd6 Bxd6 13. h3 Nf6 14. Bg5 Be7 15. Qe2 Nxe4 16. Bxe7 Qxe7 17. dxe4 0-0 18. Rfd1 Rfd8 19. Nh2 Rxd1+ 20. Rxd1 Rd8 21. f3 Rd7 22. Ng4 Qd8 23. Ne3 Rxd1+ 24. Qxd1 Qxd1+ 25. Nxd1 f6 26. Kf2 Kf7 27. Ke3 Ke7 28. Nf2 Kd6 29. Nd3 a5 30. c3 b4 31. c4 Bc6 32. Nf4 Be8 33. Nd3 h6 34. Nc1 g5 1/2-1/2

[Event "Rotterdam Basamro 3rd"]
[Site "Rotterdam"]
[Date "2015.10.24"]
[Round "1.10"]
[White "Pols, Arne"]
[Black "Albaric, Etienne"]
[Result "0-1"]
[WhiteElo "1874"]
[BlackElo "2097"]
[PlyCount "64"]
[EventDate "2015.10.24"]
[EventType "team-tourn"]
[EventRounds "3"]
[EventCountry "NED"]
[SourceTitle "EXT 2018"]
[Source "ChessBase"]
[SourceDate "2017.10.13"]
[SourceVersion "1"]
[SourceVersionDate "2017.10.13"]
[SourceQuality "1"]
[WhiteTeam "Rotterdam Pathena"]
[BlackTeam "Paris"]
[WhiteTeamCountry "NED"]
[BlackTeamCountry "FRA"]

1. Nf3 c5 2. g3 Nc6 3. Bg2 g6 4. 0-0 Bg7 5. e4 d6 6. c3 Nf6 7. Re1 0-0 8. d3 Rb8 9. a4 a6 10. Na3 b5 11. e5 Nxe5 12. Nxe5 dxe5 13. Rxe5 b4 14. cxb4 cxb4 15. Nc4 Be6 16. Qe2 Nd7 17. Rxe6 fxe6 18. Qxe6+ Kh8 19. Be3 Rf6 20. Qh3 Nf8 21. Be4 Qd7 22. Qh4 Rf7 23. Bf4 Rd8 24. Ne5 Bxe5 25. Bxe5+ Kg8 26. Qh6 Qe6 27. Bf4 Nd7 28. Rc1 Ne5 29. Rd1 Qg4 30. Rd2 Nf3+ 31. Bxf3 Qxf3 32. Qh3 Rxf4 0-1

[Event "FRA-chT U16"]
[Site "Dieppe"]
[Date "2015.05.24"]
[Round "2.1"]
[White "Albaric, Etienne"]
[Black "Strohl, Antoine"]
[Result "1-0"]
[WhiteElo "1978"]
[BlackElo "2035"]
[PlyCount "57"]
[EventDate "2015.05.??"]
[EventType "team-tourn"]
[EventRounds "6"]
[EventCountry "FRA"]
[SourceTitle "EXT 2016"]
[Source "ChessBase"]
[SourceDate "2015.10.08"]
[SourceVersion "1"]
[SourceVersionDate "2015.10.08"]
[SourceQuality "1"]

1. e4 c5 2. Nf3 d6 3. Bb5+ Nc6 4. 0-0 e5 5. c3 Bd7 6. d4 exd4 7. cxd4 a6 8. Bxc6 Bxc6 9. d5 Bb5 10. Re1 f6 11. Nc3 Bd7 12. e5 dxe5 13. Nxe5 fxe5 14. Qh5+ g6 15. Qxe5+ Qe7 16. Bf4 Kf7 17. Qxh8 Qh4 18. Qe5 Rc8 19. Ne4 h6 20. Bg3 Qg4 21. Nd6+ Bxd6 22. Qxd6 Bf5 23. Re3 h5 24. h3 Qg5 25. Rae1 h4 26. Bf4 Qh5 27. Re7+ Nxe7 28. Rxe7+ Kg8 29. Qf6 1-0

[Event "FRA-chT U16"]
[Site "Dieppe"]
[Date "2015.??.??"]
[Round "?"]
[White "Burri, Quentin"]
[Black "Albaric, Etienne"]
[Result "1-0"]
[WhiteElo "2264"]
[BlackElo "1968"]
[PlyCount "53"]
[EventDate "2015.05.??"]
[EventType "team-tourn"]
[EventRounds "6"]
[EventCountry "FRA"]
[SourceTitle "EXT 2016"]
[Source "ChessBase"]
[SourceDate "2015.10.08"]
[SourceVersion "1"]
[SourceVersionDate "2015.10.08"]
[SourceQuality "1"]

1. e4 c5 2. Nf3 Nc6 3. Nc3 d6 4. d4 cxd4 5. Nxd4 Nf6 6. Bg5 Bd7 7. Qd2 Rc8 8. f4 Nxd4 9. Qxd4 Qa5 10. e5 dxe5 11. fxe5 e6 12. 0-0-0 Bc6 13. Nb5 Bxb5 14. exf6 Bc6 15. h4 g6 16. Bc4 Bc5 17. Qe5 Bb4 18. Qg3 Be4 19. Rd4 Bf5 20. Bh6 Qc5 21. Rhd1 e5 22. Bxf7+ Kxf7 23. Qb3+ Ke8 24. Rd8+ Rxd8 25. f7+ Ke7 26. Bg5+ Kf8 27. Bh6+ 1-0